000 00219nam a2200097Ia 4500
005 20251222120855.0
008 251222s1900||||xx |||||||||||||| ||spa||
082 _aDVD0080/A64/2006
245 0 _aAmazing grace:
942 _cDVD
999 _c2379
_d2379